1996 Champions League Final Ajax - Juventus - Statistics

General Stats
  • This quiz has been taken 415 times
  • The average score is 15 of 30
Answer Stats
Player % Correct
Alessandro Del Piero
90%
Edwin van der Sar
86%
Frank de Boer
81%
Ronald de Boer
81%
Edgar Davids
77%
Jari Litmanen ¹
75%
Patrick Kluivert
75%
Didier Deschamps
64%
Danny Blind
63%
Angelo Peruzzi
61%
Louis van Gaal
60%
Fabrizio Ravanelli ¹
59%
Marcello Lippi
59%
Gianluca Vialli
57%
Antonio Conte
53%
Ciro Ferrara
53%
Nwankwo Kanu
45%
Finidi George
43%
Gianluca Pessotto
42%
Moreno Torricelli
37%
Angelo Di Livio
34%
Paulo Sousa
34%
Vladimir Jugović
31%
Winston Bogarde
27%
Pietro Vierchowod
26%
Sonny Silooy
19%
Kiki Musampa
18%
Michele Padovano
17%
Nordin Wooter
10%
Arnold Scholten
9%
No matching quizzes found
Score Distribution
Percent of People with Each Score
Percentile by Number Answered
Your Score History
You have not taken this quiz